The Novels Of Raja Rao, Mulk Raj anand And R.K. Narayan: A Study in Gandhian Ideology/ (Record no. 191100)

MARC details
000 -LEADER
fixed length control field 00622nam a22001817a 4500
005 - DATE AND TIME OF LATEST TRANSACTION
control field 20220818142945.0
010 ## - LCCN (DPL NO)
LC control number ENG-134502
020 ## - INTERNATIONAL STANDARD BOOK NUMBER
International Standard Book Number 9788192842578
Terms of availability 350.00
035 ## - SYSTEM CONTROL NUMBER
System control number EN-118034
037 ## - SOURCE OF ACQUISITION
Source of stock number/acquisition DBAD/PUB
082 ## - DEWEY DECIMAL CLASSIFICATION NUMBER
Classification number 883.08
100 ## - MAIN ENTRY--PERSONAL NAME
Personal name Parmar, Surendra Kumar R
245 ## - TITLE STATEMENT
Title The Novels Of Raja Rao, Mulk Raj anand And R.K. Narayan: A Study in Gandhian Ideology/
Statement of responsibility, etc Surendra Kumar R Parmar
260 ## - PUBLICATION, DISTRIBUTION, ETC. (IMPRINT)
Place of publication, distribution, etc Sonipat
Name of publisher, distributor, etc Vagdevi Prakashan
Date of publication, distribution, etc 2014
270 ## - ADDRESS
Address 1087, Gali No. 5, Mayur Vihar Gohana Road
City Sonipat
Postal code 131001
300 ## - PHYSICAL DESCRIPTION
Extent 184p.
Other physical details Bibliography
Dimensions 22cm(hb)
942 ## - ADDED ENTRY ELEMENTS (KOHA)
Source of classification or shelving scheme Dewey Decimal Classification
Item type English Books
Classification part 883.08
Call number suffix PAR
Holdings
Withdrawn status Lost status Not for loan Collection code Home library Current library Date acquired Source of acquisition Cost, normal purchase price Full call number Barcode Copy number Cost, replacement price Koha item type
      Non-fiction Ashok Vihar Ashok Vihar 18/08/2022 DBAD/PUB 350.00 883.08 PAR EN-118034 1 350.00 English Books

© Delhi Public Library
Hit Counter
free hit counter